| 000 | 00440cam a22001337a 4500 | ||
|---|---|---|---|
| 008 | 180718b2004 xxu||||| |||| 00| 0 eng d | ||
| 082 | _aA81x54 01/33HT | ||
| 100 | _aCensus of India 2001 | ||
| 245 | _aKerala: tables on houses, household amenities and assets | ||
| 260 |
_aDelhi _bThe Controller of Publications _c2004 |
||
| 300 | _a706p. | ||
| 440 | _aCensus of India 2001. Series-33, Kerala | ||
| 650 | _aDwellings - Census - India - Kerala | ||
| 999 |
_c484926 _d484926 |
||